[Event "Titled Tue 1st Jul Early"]
[Site "chess.com INT"]
[Date "2025.07.01"]
[Round "8"]
[White "Smieszek, Wojciech"]
[Black "Goryachkina, Aleksandra"]
[Result "1-0"]
[WhiteTitle "CM"]
[BlackTitle "GM"]
[WhiteElo "2141"]
[BlackElo "2533"]
[WhiteFideId "1156047"]
[BlackFideId "4147103"]
[EventDate "2025.07.01"]

1. e4 c5 2. Nf3 d6 3. d4 cxd4 4. Nxd4 Nf6 5. Nc3 Nc6 6. Bc4 e6 7. Be3 a6 8. Bb3
Qc7 9. Qe2 Na5 10. O-O-O b5 11. f3 b4 12. Na4 Bd7 13. g4 Be7 14. Kb1 Nxb3 15.
cxb3 O-O 16. g5 Ne8 17. Rc1 Qa5 18. h4 Bxa4 19. bxa4 Qxa4 20. Nc6 Bd8 21. h5 Qb5
22. Qf2 Bxg5 23. f4 Bh6 24. Ka1 Kh8 25. f5 Bxe3 26. Qxe3 h6 27. Rhg1 Nf6 28.
fxe6 fxe6 29. Ne7 Rf7 30. Ng6+ Kh7 31. Nf4 Nxh5 32. Nxe6 Re7 33. Nd4 Qe5 34.
Rce1 Rc8 35. Nf5 Rf7 36. Qf3 Nf6 37. Qg2 Nxe4 38. Qg6+ Kh8 39. Qxf7 b3 40. Rxg7 1-0

[Event "Titled Tue 1st Jul Early"]
[Site "chess.com INT"]
[Date "2025.07.01"]
[Round "8"]
[White "Mende, Andreas"]
[Black "Safin Safarullakhan"]
[Result "0-1"]
[WhiteTitle "CM"]
[BlackTitle "CM"]
[WhiteElo "2113"]
[BlackElo "2028"]
[WhiteFideId "4631102"]
[BlackFideId "33379475"]
[EventDate "2025.07.01"]

1. c4 e6 2. g3 d5 3. Bg2 Nf6 4. Nf3 c5 5. O-O Nc6 6. e3 Bd6 7. b3 O-O 8. Bb2 Qc7
9. Nc3 a6 10. cxd5 exd5 11. d4 Bg4 12. dxc5 Bxc5 13. Nxd5 Nxd5 14. Qxd5 Be7 15.
Rac1 Rad8 16. Qc4 Be6 17. Qe2 h6 18. Nd4 Bd5 19. Qg4 Bf6 20. Rfd1 Bxg2 21. Kxg2
Qa5 22. a4 Nxd4 23. Bxd4 Bxd4 24. Rxd4 Rxd4 25. Qxd4 Rd8 26. Qc3 Qd5+ 27. Kg1
Qf3 28. Rf1 Rd6 29. Qc4 Rg6 30. b4 Rg4 31. Qc8+ Kh7 32. Qc2+ Rg6 33. b5 axb5 34.
axb5 h5 35. Qc4 f5 36. Rc1 Rg4 37. Qf7 Rg5 0-1

[Event "Titled Tue 1st Jul Early"]
[Site "chess.com INT"]
[Date "2025.07.01"]
[Round "8"]
[White "Nikookar, Mahdi"]
[Black "Roebers, Jan"]
[Result "1-0"]
[WhiteTitle "FM"]
[BlackTitle "FM"]
[WhiteElo "2216"]
[BlackElo "2030"]
[WhiteFideId "22552987"]
[BlackFideId "1007815"]
[EventDate "2025.07.01"]

1. Nf3 Nf6 2. b3 g6 3. Bb2 Bg7 4. c4 O-O 5. g3 d6 6. Bg2 Nc6 7. O-O e5 8. d3 Re8
9. Nc3 Bf5 10. Nd2 Qd7 11. Nde4 Nxe4 12. dxe4 Be6 13. Nd5 f5 14. exf5 gxf5 15.
e4 Rf8 16. exf5 Bxf5 17. Qe2 Rae8 18. Rae1 Nd4 19. Bxd4 exd4 20. Qd2 c6 21. Nf4
Kh8 22. Nh5 Be5 23. f4 Bg7 24. h3 Bxh3 25. Nxg7 Rxe1 26. Rxe1 Qxg7 27. Bxh3
Qxg3+ 28. Bg2 Rxf4 29. Rf1 Rxf1+ 30. Kxf1 c5 31. Qe2 Qf4+ 32. Kg1 Qe5 33. Qxe5+
dxe5 34. Bxb7 Kg7 35. Kf2 Kf6 36. Ke2 Kg5 37. a3 Kf4 38. b4 h5 39. bxc5 1-0

[Event "Titled Tue 1st Jul Early"]
[Site "chess.com INT"]
[Date "2025.07.01"]
[Round "8"]
[White "Viskelis, Darius"]
[Black "Boramanikar, Tanisha S"]
[Result "1-0"]
[WhiteTitle "FM"]
[BlackTitle "WCM"]
[WhiteElo "2146"]
[BlackElo "1743"]
[WhiteFideId "12800830"]
[BlackFideId "35023454"]
[EventDate "2025.07.01"]

1. e4 c5 2. Nf3 Nc6 3. Bb5 d6 4. O-O Bd7 5. Re1 g6 6. h3 Bg7 7. c3 Nf6 8. d4
cxd4 9. cxd4 O-O 10. Nc3 a6 11. Bf1 b5 12. a3 Rc8 13. Bg5 h6 14. Be3 g5 15. Qd2
Re8 16. Rad1 Qa5 17. e5 Nh7 18. Bd3 dxe5 19. dxe5 Red8 20. Bb1 Nxe5 21. Nxe5
Bxe5 22. Qc2 Nf8 23. h4 Bxc3 24. bxc3 Qxc3 25. Qxc3 Rxc3 26. Bb6 Rdc8 27. Ba5
Rxa3 28. Bb4 Ra4 29. Bxe7 Bg4 30. f3 Be6 31. hxg5 hxg5 32. Bxg5 Rb4 33. Be7 Rb2
34. Bf6 Rb4 35. Re5 Rf4 36. Bg5 Rfc4 37. Bh6 Ng6 38. Bxg6 fxg6 39. Rxe6 Kh7 40.
Bg5 R4c5 41. f4 R8c6 42. Rd7+ Kg8 43. Re8# 1-0

[Event "Titled Tue 1st Jul Early"]
[Site "chess.com INT"]
[Date "2025.07.01"]
[Round "8"]
[White "Sabatier, Mathis"]
[Black "Magana Morales, Roberto"]
[Result "1-0"]
[WhiteTitle "CM"]
[WhiteElo "2235"]
[BlackElo "1952"]
[WhiteFideId "26029685"]
[BlackFideId "5114454"]
[EventDate "2025.07.01"]

1. d4 Nf6 2. c4 e6 3. Nc3 Bb4 4. Qc2 O-O 5. Bg5 c5 6. dxc5 Na6 7. a3 Bxc3+ 8.
Qxc3 Nxc5 9. Bxf6 Qxf6 10. Qxf6 gxf6 11. b4 Na4 12. Nf3 Rd8 13. e4 b6 14. O-O-O
Bb7 15. Bd3 Rac8 16. Kc2 d5 17. exd5 Bxd5 18. Kb3 Bc6 19. Bb1 b5 20. c5 Bd5+ 21.
Kc2 a5 22. Rhe1 axb4 23. axb4 Nb6 24. Nd4 Nc4 25. Kc3 Ra8 26. Nxb5 Rdb8 27. Bd3
Ne5 28. Bf1 Ra2 29. Rd2 Rxd2 30. Kxd2 Bc6 31. f4 Ng6 32. Nd4 Bd5 33. b5 Nxf4 34.
Ra1 e5 35. Nf5 Rd8 36. Kc3 Be6 37. Nd6 Nd5+ 38. Kb2 f5 39. b6 Nxb6 40. cxb6 Rxd6
41. Ra6 Rd8 42. b7 Kg7 43. Ra8 Rd2+ 44. Kc3 Rf2 45. b8=Q Rxf1 46. Qxe5+ 1-0

[Event "Titled Tue 1st Jul Early"]
[Site "chess.com INT"]
[Date "2025.07.01"]
[Round "8"]
[White "Ghoreishi Amiri, Seyed Kian"]
[Black "Ibrahimli, Murad"]
[Result "0-1"]
[WhiteTitle "CM"]
[BlackTitle "IM"]
[WhiteElo "2215"]
[BlackElo "2438"]
[WhiteFideId "36757527"]
[BlackFideId "13410229"]
[EventDate "2025.07.01"]

1. e4 c5 2. Nf3 d6 3. d4 cxd4 4. Nxd4 Nf6 5. Nc3 a6 6. f3 e5 7. Nb3 Be6 8. Be3
h5 9. Nd5 Bxd5 10. exd5 Nbd7 11. Qd2 Rc8 12. O-O-O Qc7 13. Kb1 Nb6 14. c4 Nbd7
15. Be2 Be7 16. Rc1 b6 17. Rhe1 Kf8 18. Bd3 g6 19. h3 h4 20. f4 Nh5 21. f5 g5
22. Bxg5 Bxg5 23. Qxg5 Qd8 24. Qd2 Nf4 25. Be4 Nc5 26. Nd4 Qf6 27. Nc6 Nxe4 28.
Rxe4 Qxf5 29. Re1 Rg8 30. Ka1 Rxg2 31. Rxf4 Qg5 32. Qb4 Qxf4 33. Qxd6+ Kg7 34.
Rb1 Qf6 35. Qxf6+ Kxf6 36. Rf1+ Kg7 37. Nxe5 Re8 38. Nc6 Re4 39. Nd8 Rf4 40. Rb1
Rxc4 41. Nc6 Rc5 42. Ne7 Kf8 43. d6 Rd2 44. b4 Rcc2 45. Rg1 Rxd6 46. Nf5 Rdd2
47. Kb1 Rb2+ 48. Kc1 Rxa2 49. Kb1 Rdb2+ 50. Kc1 Rxb4 51. Kd1 Ra1+ 52. Ke2 Rxg1
53. Kf3 Rf1+ 54. Kg2 Rxf5 55. Kh2 Rb2+ 56. Kg1 a5 57. Kh1 Rf1# 0-1

[Event "Titled Tue 1st Jul Early"]
[Site "chess.com INT"]
[Date "2025.07.01"]
[Round "8"]
[White "Mecit, Emre"]
[Black "Zakin, Ilay"]
[Result "1-0"]
[BlackTitle "FM"]
[WhiteElo "2007"]
[BlackElo "2300"]
[WhiteFideId "6304214"]
[BlackFideId "2848279"]
[EventDate "2025.07.01"]

1. e4 e5 2. Nf3 d5 3. exd5 Nf6 4. d4 Qxd5 5. Nxe5 Nc6 6. Nxc6 Qxc6 7. Nc3 Bb4 8.
Bd2 O-O 9. d5 Nxd5 10. Nxd5 Qxd5 11. Bxb4 Qe4+ 12. Be2 Qxb4+ 13. Qd2 Qxb2 14.
O-O Bf5 15. Bf3 c6 16. Rfb1 Qxc2 17. Qxc2 Bxc2 18. Rxb7 Ba4 19. Rc1 Rfe8 20. g3
Re6 21. Kg2 a5 22. Rc5 g6 23. Rc7 Ra6 24. h4 h5 25. g4 hxg4 26. Bxg4 Re4 27. Kg3
Bb5 28. h5 a4 29. hxg6 fxg6 30. Rg5 c5 31. Rgxc5 Be8 32. Bf3 Ree6 33. Bd5 a3 34.
Re7 Bf7 35. Bxe6 Bxe6 36. Rc3 Kf8 37. Rec7 Bxa2 38. R7c6 Rxc6 39. Rxc6 Bf7 40.
Ra6 a2 41. Kf4 Kg7 42. Kg5 Bc4 43. Ra7+ Bf7 44. f4 Kf8 45. Kf6 Bd5 46. Ra5 Bc4
47. Ra8# 1-0

[Event "Titled Tue 1st Jul Early"]
[Site "chess.com INT"]
[Date "2025.07.01"]
[Round "8"]
[White "Fedorov, Artem Alek"]
[Black "Troltenier, Dirk"]
[Result "1-0"]
[WhiteTitle "CM"]
[BlackTitle "FM"]
[WhiteElo "2157"]
[BlackElo "2174"]
[WhiteFideId "34418431"]
[BlackFideId "4606400"]
[EventDate "2025.07.01"]

1. e4 e5 2. Nf3 d6 3. d4 exd4 4. Nxd4 Nf6 5. Nc3 Be7 6. Bf4 O-O 7. Qd2 d5 8.
Ndb5 Bb4 9. O-O-O c6 10. Nc7 Nxe4 11. Qd4 Bxc3 12. bxc3 Qe7 13. c4 Qa3+ 14. Qb2
Qa5 15. Nxa8 Nxf2 16. Bd3 Bg4 17. Rdf1 Nxh1 18. Rxh1 Re8 19. Bd2 Qd8 20. Qxb7
Nd7 21. Nc7 Re7 22. Qxc6 dxc4 23. Nd5 Re5 24. Bxc4 Be6 25. Bc3 Nb8 26. Qb7 Bxd5
27. Bxd5 Rxd5 28. Re1 h6 29. Qb4 Qg5+ 30. Bd2 Qd8 31. h4 Nc6 32. Qc3 Nd4 33. Be3
Ne6 34. Bxa7 Qa8 35. Be3 Qxa2 36. Rd1 Rb5 37. Rd6 Rb1+ 38. Kd2 1-0

[Event "Titled Tue 1st Jul Early"]
[Site "chess.com INT"]
[Date "2025.07.01"]
[Round "8"]
[White "Chigaev, Maksim"]
[Black "Bluebaum, Matthias"]
[Result "0-1"]
[WhiteTitle "GM"]
[BlackTitle "GM"]
[WhiteElo "2628"]
[BlackElo "2660"]
[WhiteFideId "4108116"]
[BlackFideId "24651516"]
[EventDate "2025.07.01"]

1. e4 e6 2. d4 d5 3. e5 c5 4. c3 Nc6 5. Nf3 Nge7 6. h4 Nf5 7. Bd3 cxd4 8. Bxf5
exf5 9. cxd4 Be7 10. Nc3 O-O 11. Bg5 f6 12. exf6 Bxf6 13. Ne2 Bxg5 14. hxg5 f4
15. Rh4 Qe7 16. Kf1 Bf5 17. Nxf4 Be4 18. Qb3 Qd6 19. g3 Rae8 20. Re1 Rf5 21.
Rxe4 Rxe4 22. Nxd5 Re6 23. Nf4 Nd8 24. Nxe6 Qxe6 25. Qxe6+ Nxe6 26. Kg2 Nxg5 27.
Nd2 Rd5 28. f3 Ne6 29. Nb3 b6 30. Kf2 a5 31. Ke3 Rb5 32. Rh2 a4 33. Nc1 Kf7 34.
Nd3 Kf6 35. f4 Nc7 36. Ke4 h6 37. Rc2 Nd5 38. Ne5 Ke6 39. Rc6+ Ke7 40. f5 Nf6+
41. Kf4 Rxb2 42. Rc7+ Kd6 43. Ra7 b5 44. a3 Rb3 45. g4 Nd5+ 46. Ke4 Re3# 0-1

[Event "Titled Tue 1st Jul Early"]
[Site "chess.com INT"]
[Date "2025.07.01"]
[Round "8"]
[White "Omariev, Maksim"]
[Black "Storn, Justin"]
[Result "0-1"]
[WhiteTitle "FM"]
[WhiteElo "2304"]
[BlackElo "2118"]
[WhiteFideId "4193423"]
[BlackFideId "30922720"]
[EventDate "2025.07.01"]

1. b3 Nf6 2. Bb2 g6 3. Bxf6 exf6 4. c4 f5 5. Nc3 Bg7 6. g3 O-O 7. Bg2 Nc6 8. e3
Re8 9. Nge2 d6 10. h4 Ne5 11. d4 Ng4 12. Qd2 c6 13. Nf4 Qe7 14. Rc1 Bd7 15. O-O
h6 16. Rfe1 g5 17. hxg5 hxg5 18. Nh3 Qf6 19. e4 Bh6 20. exf5 Bxf5 21. Ne4 Qg6
22. f3 Bxe4 23. fxe4 Nf6 24. e5 dxe5 25. dxe5 Rad8 26. Qe2 Nh5 27. Qg4 f5 28.
exf6 Nxf6 29. Rxe8+ Rxe8 30. Qd4 g4 31. Nf4 Qf5 32. Rf1 Qe5 33. Qxa7 Qe3+ 34.
Qxe3 Rxe3 35. Kf2 Rc3 36. Re1 Bxf4 37. gxf4 g3+ 38. Kf1 Ng4 39. Bf3 Nh2+ 40. Kg2
Nxf3 41. Re8+ Kf7 42. Rb8 Nh4+ 43. Kg1 Rc1# 0-1

[Event "Titled Tue 1st Jul Early"]
[Site "chess.com INT"]
[Date "2025.07.01"]
[Round "8"]
[White "Jimenez Salas, Maria Teresa"]
[Black "Asensio Ramos, Enrique Fernando"]
[Result "1-0"]
[WhiteTitle "WIM"]
[BlackTitle "CM"]
[WhiteElo "2249"]
[BlackElo "2200"]
[WhiteFideId "3843866"]
[BlackFideId "2214172"]
[EventDate "2025.07.01"]

1. e4 c6 2. d4 g6 3. Nc3 d5 4. e5 f6 5. f4 Nh6 6. Nf3 Bg7 7. Be3 O-O 8. Qd2 Bf5
9. O-O-O b5 10. h3 a5 11. g4 Be4 12. Nxe4 dxe4 13. Nh4 f5 14. gxf5 Nxf5 15. Nxf5
gxf5 16. Rg1 Kh8 17. Qg2 Rg8 18. a4 Qd5 19. Kb1 Nd7 20. Qd2 Nb6 21. axb5 cxb5
22. Be2 e6 23. Rg5 Rgc8 24. Rdg1 Ra7 25. h4 b4 26. h5 Bh6 27. R5g3 Rac7 28. Ba6
Nc4 29. Qg2 Qd8 30. Bxc8 Rxc8 31. Bc1 a4 32. Rg7 Qf8 33. Rb7 a3 34. b3 Na5 35.
Rd7 Nc6 36. Bd2 Ne7 37. Bxb4 Qe8 38. Rxe7 a2+ 39. Ka1 Qg8 40. Qxg8+ Rxg8 41.
Rxg8+ Kxg8 42. Kxa2 Bxf4 43. Kb2 Be3 44. Rxe6 Bxd4+ 45. Bc3 Bf2 46. Kc1 1-0

[Event "Titled Tue 1st Jul Early"]
[Site "chess.com INT"]
[Date "2025.07.01"]
[Round "8"]
[White "Skarbarchuk, Tetyana"]
[Black "Winkels, Marcel"]
[Result "1-0"]
[BlackTitle "CM"]
[WhiteElo "2096"]
[BlackElo "1905"]
[WhiteFideId "14184494"]
[BlackFideId "1003887"]
[EventDate "2025.07.01"]

1. Nf3 Nf6 2. b3 g6 3. e3 Bg7 4. d4 c5 5. Bb2 O-O 6. Bd3 d6 7. O-O b6 8. c4 Nc6
9. d5 Nb4 10. Be2 Bf5 11. Nbd2 Bd3 12. Bxd3 Nxd3 13. Bc3 Nd7 14. Bxg7 Kxg7 15.
e4 N7e5 16. Nxe5 Nxe5 17. f4 Nd7 18. Nf3 f6 19. Qe2 a6 20. e5 fxe5 21. fxe5 Rb8
22. Ng5 Kg8 23. exd6 exd6 24. Qe6+ Kh8 25. Nf7+ Rxf7 26. Rxf7 Ne5 27. Rf6 b5 28.
Raf1 bxc4 29. Rf8+ Qxf8 30. Rxf8+ Rxf8 31. Qxd6 Rf5 32. Qxc5 cxb3 33. axb3 Ng4
34. h3 Nf6 35. Qc8+ Kg7 36. d6 Rd5 37. Qc7+ Kh6 38. Qc1+ Kg7 39. Qc7+ Kh6 40.
Qc6 Rd1+ 41. Kh2 Kg5 42. Qc5+ Kf4 43. g3+ Kf3 44. Qc3+ Ke2 45. Qxf6 1-0

[Event "Titled Tue 1st Jul Early"]
[Site "chess.com INT"]
[Date "2025.07.01"]
[Round "8"]
[White "Legenia, Artem"]
[Black "Subramanian, Anusha"]
[Result "0-1"]
[BlackTitle "WFM"]
[WhiteElo "2092"]
[BlackElo "2045"]
[WhiteFideId "14136945"]
[BlackFideId "477710"]
[EventDate "2025.07.01"]

1. e4 e6 2. Qe2 Be7 3. d3 c5 4. c3 Nc6 5. f4 d5 6. e5 Nh6 7. Nf3 Nf5 8. g3 b5 9.
Bg2 Bb7 10. O-O h5 11. Qf2 b4 12. Nbd2 a5 13. Nb3 Qb6 14. d4 c4 15. Nbd2 a4 16.
Rb1 Ba6 17. h3 Qa5 18. g4 hxg4 19. hxg4 Nh4 20. Nxh4 Bxh4 21. Qf3 Qb6 22. a3
Nxd4 23. cxd4 Qxd4+ 24. Rf2 c3 25. bxc3 bxc3 26. Nf1 Bxf2+ 27. Qxf2 Qxf2+ 28.
Kxf2 O-O 29. Be3 Rab8 30. Rc1 Rb2+ 31. Kg3 Rc8 32. Nh2 c2 33. Nf3 Bd3 34. Nd4
Rc3 35. Kf2 Rb1 36. Bd2 Rc4 37. Ne2 Bxe2 38. Kxe2 d4 39. Kd3 Rc3+ 40. Ke2 d3+
41. Ke1 Rxa3 42. Be4 Raa1 43. Bxd3 Rxc1+ 44. Bxc1 Rxc1+ 45. Kd2 Rd1+ 46. Kxc2
Rg1 47. g5 Rg2+ 48. Kc3 Rg3 49. Kc4 a3 50. Be4 a2 0-1

[Event "Titled Tue 1st Jul Early"]
[Site "chess.com INT"]
[Date "2025.07.01"]
[Round "8"]
[White "Guliev, Gasan"]
[Black "Pournami S"]
[Result "1-0"]
[WhiteTitle "CM"]
[BlackTitle "WCM"]
[WhiteElo "2123"]
[BlackElo "1730"]
[WhiteFideId "34165638"]
[BlackFideId "25732439"]
[EventDate "2025.07.01"]

1. e4 c5 2. Nf3 d6 3. d4 cxd4 4. Nxd4 Nf6 5. Nc3 a6 6. g3 e6 7. Bg2 Be7 8. O-O
O-O 9. Be3 Qc7 10. g4 Nc6 11. g5 Nd7 12. h4 b5 13. Nxc6 Qxc6 14. e5 d5 15. Nxd5
exd5 16. Bxd5 Qc7 17. Bxa8 Qxe5 18. Qd4 Qb8 19. Bg2 Rd8 20. Rad1 Bb7 21. Qa7
Bxg2 22. Qxb8 Rxb8 23. Kxg2 Nf8 24. Rfe1 Rc8 25. c3 Ne6 26. f4 Bf8 27. f5 Nc5
28. Bxc5 Bxc5 29. Rd5 h6 30. Kf3 hxg5 31. hxg5 Bf8 32. Red1 Rc6 33. Kg4 Rc4+ 34.
R1d4 Rc6 35. Rd7 Rc8 36. Rb7 Re8 37. Rbd7 Re2 38. Rd2 Re4+ 39. Kf3 Re5 40. Kf4
Re1 41. R7d3 Rf1+ 42. Rf3 Ra1 43. a3 Re1 44. Rff2 1-0

[Event "Titled Tue 1st Jul Early"]
[Site "chess.com INT"]
[Date "2025.07.01"]
[Round "8"]
[White "Mujumdar, Sameer"]
[Black "Alvarado Diaz, Alejandro"]
[Result "1-0"]
[BlackTitle "IM"]
[WhiteElo "2054"]
[BlackElo "2484"]
[WhiteFideId "2029707"]
[BlackFideId "2276119"]
[EventDate "2025.07.01"]

1. d4 e6 2. c4 f5 3. g3 Nf6 4. Bg2 d5 5. Nf3 Bd6 6. O-O O-O 7. Qc2 b6 8. Ne5 Bb7
9. Nd3 Nc6 10. e3 a5 11. b3 a4 12. Ba3 Qd7 13. Bxd6 cxd6 14. Nc3 Ne7 15. c5 axb3
16. axb3 Ba6 17. cxd6 Qxd6 18. Rfc1 Bxd3 19. Qxd3 Qb4 20. Nb5 Ne4 21. Rxa8 Rxa8
22. Bxe4 fxe4 23. Qe2 Qxb3 24. Nc7 Rc8 25. Qg4 Nf5 26. Qf4 Qa3 27. Rc6 Qe7 28.
Rxe6 Qf7 29. Re5 Rxc7 30. Rxf5 Qe7 31. Rxd5 h6 32. Re5 Qf7 33. Qxe4 Rc1+ 34. Kg2
Rc8 35. Rf5 Qd7 36. Qd5+ Qxd5+ 37. Rxd5 Rb8 38. Rb5 Kf7 39. e4 Ke6 40. Kf3 Kd6
41. d5 Kc7 42. Ke3 Ra8 43. f4 Ra2 44. h4 Ra3+ 45. Kd4 Rxg3 46. e5 Ra3 47. Ke4 g6
48. e6 1-0

[Event "Titled Tue 1st Jul Early"]
[Site "chess.com INT"]
[Date "2025.07.01"]
[Round "8"]
[White "Shubenkova, Veronika"]
[Black "Nicot, Valentin"]
[Result "0-1"]
[WhiteTitle "WFM"]
[BlackTitle "CM"]
[WhiteElo "2031"]
[BlackElo "2157"]
[WhiteFideId "44124040"]
[BlackFideId "651002477"]
[EventDate "2025.07.01"]

1. e4 g6 2. d4 Bg7 3. c4 d6 4. Nc3 Nd7 5. Be3 c5 6. d5 Ngf6 7. Bd3 O-O 8. Nge2
a6 9. a4 Ng4 10. Bf4 Nge5 11. O-O Nb6 12. Bxe5 Bxe5 13. f4 Bg7 14. Qd2 Nd7 15.
Ng3 Nf6 16. Rae1 e6 17. h3 exd5 18. cxd5 h5 19. e5 dxe5 20. Rxe5 h4 21. Nge4 b5
22. axb5 axb5 23. Bxb5 Qb6 24. Kh2 Bf5 25. d6 Nxe4 26. Nxe4 Bxe5 27. fxe5 Bxe4
28. Rf4 Qxb5 29. Rxh4 Qf1 30. Rxe4 Qf5 31. Qe3 Rab8 32. Rf4 Qg5 33. h4 Qh6 34.
Qe4 Rb4 35. Qxb4 cxb4 36. Rxb4 Qg7 37. Re4 Rd8 38. Kg3 f5 39. Re2 Qf7 40. Kf4
Qc4+ 41. Kf3 Qd3+ 42. Kf2 Qd5 43. b4 Kf7 44. g3 Ke6 45. g4 fxg4 46. Kg3 Qf3+ 0-1

[Event "Titled Tue 1st Jul Early"]
[Site "chess.com INT"]
[Date "2025.07.01"]
[Round "8"]
[White "Perez Cruz, Adianet"]
[Black "Dambaev, Dashi"]
[Result "0-1"]
[WhiteTitle "WFM"]
[BlackTitle "CM"]
[WhiteElo "1984"]
[BlackElo "2142"]
[WhiteFideId "3510115"]
[BlackFideId "55628494"]
[EventDate "2025.07.01"]

1. d4 Nf6 2. Bg5 Ne4 3. Bf4 d5 4. e3 c5 5. c3 Nc6 6. Bd3 Nf6 7. Nf3 Bg4 8. h3
Bh5 9. Nbd2 e6 10. O-O Bd6 11. Bxd6 Qxd6 12. Be2 O-O 13. c4 cxd4 14. Nxd4 Bxe2
15. Nxe2 Rfd8 16. cxd5 Qxd5 17. Nf3 Qc4 18. Qe1 Nb4 19. Ned4 Nd3 20. Qa5 Rd5 21.
Qa3 Ne4 22. b3 Qc3 23. Rad1 Ndxf2 24. Rxf2 Qxe3 25. Rf1 Rxd4 26. Nxd4 Qxd4 27.
Qe7 Nxf2 28. Rxf2 Rf8 29. Qxb7 e5 30. Qf3 e4 31. Qe2 Rc8 32. Kh2 Qe5+ 33. g3 Rc3
34. Rf4 f5 35. Qf2 e3 36. Qe2 Qc5 37. Kg1 Rc1+ 38. Rf1 Rc2 39. Qf3 e2+ 40. Rf2
e1=Q+ 41. Kg2 Qexf2+ 42. Qxf2 Qxf2+ 43. Kh1 Qh2# 0-1

[Event "Titled Tue 1st Jul Early"]
[Site "chess.com INT"]
[Date "2025.07.01"]
[Round "8"]
[White "Mafra, Kaiser Luiz"]
[Black "Vijayakumar, Rishi"]
[Result "0-1"]
[WhiteTitle "CM"]
[BlackTitle "FM"]
[WhiteElo "2043"]
[BlackElo "2333"]
[WhiteFideId "2106698"]
[BlackFideId "2408953"]
[EventDate "2025.07.01"]

1. e4 e5 2. Nf3 Nc6 3. Bc4 Nf6 4. d3 Bc5 5. c3 d6 6. Bb3 a6 7. Qe2 Ba7 8. O-O
O-O 9. Be3 Bxe3 10. fxe3 Ne7 11. Nbd2 Ng6 12. h3 a5 13. d4 Qe7 14. a4 Be6 15.
Bc2 h6 16. Qf2 c5 17. d5 Bd7 18. Nh4 Nxh4 19. Qxh4 Nxd5 20. Qg3 Nc7 21. Nc4 Be6
22. Nb6 Ra6 23. Nd5 Nxd5 24. exd5 Bxd5 25. Rf2 Qg5 26. Qxg5 hxg5 27. Bd3 Rb6 28.
Bb5 Bc6 29. Rd1 d5 30. c4 Bxb5 31. axb5 dxc4 32. Rd5 Rxb5 33. Rxe5 f6 34. Rd5
Re8 35. Re2 Re7 36. Kf2 b6 37. Rc2 Rb3 38. Rd6 b5 39. Rc6 Re5 40. e4 Rxe4 41.
Rxc5 Re5 42. Rc8+ Kf7 43. Ra8 a4 44. Rb8 Kg6 45. g4 Re4 46. Kg2 Ree3 47. h4 Rg3+
48. Kh2 gxh4 0-1

[Event "Titled Tue 1st Jul Early"]
[Site "chess.com INT"]
[Date "2025.07.01"]
[Round "8"]
[White "Berg, Vadim Daskevich"]
[Black "Hrabinska, Myroslava"]
[Result "0-1"]
[WhiteTitle "IM"]
[BlackTitle "WGM"]
[WhiteElo "2445"]
[BlackElo "2121"]
[WhiteFideId "11601965"]
[BlackFideId "14109190"]
[EventDate "2025.07.01"]

1. e4 c5 2. Nf3 e6 3. g3 Nc6 4. Bg2 d5 5. exd5 exd5 6. d4 b6 7. O-O Nf6 8. Ne5
Nxd4 9. c4 Be6 10. Nc3 Bd6 11. cxd5 Bf5 12. Nc4 O-O 13. Nxd6 Qxd6 14. Bf4 Qd7
15. Be5 Bg4 16. Qd2 Nf3+ 17. Bxf3 Bxf3 18. Bxf6 gxf6 19. Qf4 Qg4 20. Qxf6 Rad8
21. Rfe1 Rd6 22. Qf4 Qxf4 23. gxf4 Rg6+ 24. Kf1 Rh6 25. Re3 Rxh2 26. Rxf3 Rh1+
27. Ke2 Rxa1 28. d6 Rd8 29. Rd3 Kf8 30. Nb5 Rxa2 31. Nc3 Rxb2+ 32. Kf3 a5 33.
Na4 Rb4 34. Nc3 a4 35. Ne4 Rb3 36. Rxb3 axb3 37. Ke3 c4 38. Kd2 b5 39. Kc3 f5
40. Nd2 Rxd6 41. Nb1 Rd3+ 42. Kb2 b4 43. f3 Rxf3 44. Ka1 Rf2 45. Nd2 c3 46. Kb1
Rxd2 47. Kc1 b2+ 48. Kb1 Rd1+ 49. Kc2 b1=Q# 0-1

[Event "Titled Tue 1st Jul Early"]
[Site "chess.com INT"]
[Date "2025.07.01"]
[Round "8"]
[White "Fichter, Fabian"]
[Black "Bashirov, Kemal"]
[Result "1-0"]
[WhiteTitle "FM"]
[BlackTitle "FM"]
[WhiteElo "2227"]
[BlackElo "2305"]
[WhiteFideId "24613258"]
[BlackFideId "14183650"]
[EventDate "2025.07.01"]

1. e4 e5 2. Nf3 Nf6 3. Nxe5 d6 4. Nf3 Nxe4 5. Nc3 Nf6 6. d4 Be7 7. Bf4 O-O 8.
Qd2 Nbd7 9. Bd3 Nb6 10. O-O Nbd5 11. Nxd5 Nxd5 12. Bg3 Bg4 13. Be4 Nf6 14. Bxb7
Rb8 15. Bc6 Rxb2 16. Rfb1 Rb6 17. Rxb6 axb6 18. h3 Bh5 19. a4 Qb8 20. c4 Bg6 21.
Qe3 Qd8 22. a5 bxa5 23. Rxa5 Nh5 24. Bh2 Bf6 25. g4 Bxd4 26. Nxd4 Qh4 27. gxh5
Bxh5 28. Bg3 Qxh3 29. Nf5 h6 30. Nxh6+ Kh7 31. Bg2 Qe6 32. Qxe6 fxe6 33. Rxh5
gxh6 34. Bh3 e5 35. Be6 Kg6 36. Rh1 Rb8 37. Kg2 Rb2 38. Bd5 Kg7 39. Ra1 Kf6 40.
Ra7 c5 41. Rd7 Rd2 42. Rxd6+ Kg5 43. Re6 h5 44. Rxe5+ Kg6 45. Be4+ Kf6 46. Rxc5
Rd4 47. Bf3 1-0

[Event "Titled Tue 1st Jul Early"]
[Site "chess.com INT"]
[Date "2025.07.01"]
[Round "8"]
[White "Brancaleoni, Maurizio"]
[Black "Redor, Menandro"]
[Result "1-0"]
[WhiteTitle "FM"]
[WhiteElo "2185"]
[BlackElo "2021"]
[WhiteFideId "803022"]
[BlackFideId "5222010"]
[EventDate "2025.07.01"]

1. Nf3 e6 2. d4 d5 3. g3 Nf6 4. Bg2 Be7 5. O-O O-O 6. c4 b6 7. cxd5 exd5 8. Nc3
Bb7 9. Ne5 Nbd7 10. Qa4 c5 11. Nc6 Bxc6 12. Qxc6 cxd4 13. Nxd5 Nxd5 14. Qxd5 Rc8
15. Qxd4 Bf6 16. Qa4 Qc7 17. Bf4 Be5 18. Rac1 Nc5 19. Bxe5 Qxe5 20. Qxa7 Qxb2
21. Rb1 Qxe2 22. Rxb6 Ne6 23. Qa6 Qd2 24. Rd6 Qb2 25. a4 h6 26. a5 Rc2 27. Qb6
Qa3 28. a6 Rb2 29. Qc6 Ng5 30. Qd5 Ra2 31. Rd8 Rxd8 32. Qxd8+ Kh7 33. Bb7 Qc5
34. Qc8 Qa7 35. Qf5+ g6 36. Qd5 Rxf2 37. Rxf2 Nh3+ 38. Kg2 Nxf2 39. Qxf7+ Kh8
40. Qf8+ Kh7 41. Qf7+ Kh8 42. Qf6+ Kh7 43. Qxf2 Qb8 44. Qf7+ Kh8 45. Qxg6 Qf8
46. Be4 Qe7 47. Qh7+ Qxh7 48. Bxh7 Kxh7 49. a7 Kg6 50. a8=Q Kh5 51. Qe8+ Kg4 52.
Qg6# 1-0